| 000 | 00888nam a22002417a 4500 | ||
|---|---|---|---|
| 005 | 20240530110407.0 | ||
| 008 | 150204s2010 ua d g b 000 0 ara d | ||
| 040 | _aEG-CaGPL | ||
| 041 | 0 | _aara | |
| 082 | 0 | 4 |
_221 _a371.334\ _bع إ |
| 100 | 0 | _aعبدالواحد بن احمد البلوشى | |
| 245 | 1 | 2 |
_aالانترنت فى مراكز مصادر التعلم / _cتاليف عبدالواحد بن احمد البلوشى |
| 260 |
_aالقاهرة : _bمركز الغندور ، _c2010 |
||
| 300 |
_a143 ص ؛ _c24 سم |
||
| 504 | _aببليوجرافية : ص 122 - 136 | ||
| 650 | 0 | 4 | _aالانترنت |
| 650 | 0 | 4 | _aخدمات المعلومات |
| 650 | 0 | 4 |
_aالمكتبات _xالانترنت |
| 650 | 0 | 4 |
_aالتعليم _zسلطنة عمان |
| 650 | 0 | 4 | _aالتعليم الالكترونى |
| 942 |
_2ddc _cBK |
||
| 999 |
_c60384 _d60384 |
||